000
00308nam a2200109Ia 4500
008
200302s9999 xx 000 0 und d
100
_a
Lisa Tilder and beth blostein(edi)
245
_a
Design Ecologies,Essays on the nature of Design
260
_b
Princeton Architectural Press
260
_c
255
300
_a
252
999
_c
2939
_d
2939